[Event "Montcalm 2 2022-23"]
[Site "Quebec CAN"]
[Date "2022.10.27"]
[Round "3"]
[White "Laflamme, Simon"]
[Black "Berube, Antoine"]
[Result "0-1"]
[WhiteElo "2017"]
[BlackElo "2158"]
[PlyCount "98"]
[EventDate "2022.10.13"]
[EventType "swiss"]
[EventRounds "5"]
[EventCountry "CAN"]

1. d4 d5 2. c4 c6 3. Nc3 Nf6 4. cxd5 cxd5 5. Bf4 Nc6 6. e3 a6 7. Bd3 Bg4 8.
Nge2 e6 9. Rc1 Be7 10. O-O O-O 11. h3 Bh5 12. a3 Bg6 13. Bxg6 hxg6 14. Na4 Nd7
15. b4 Nb6 16. Nxb6 Qxb6 17. Rb1 Rfc8 18. Qd3 Na7 19. Nc3 Nb5 20. Na4 Qc6 21.
Rfc1 Qxc1+ 22. Rxc1 Rxc1+ 23. Kh2 g5 24. Bg3 Rac8 25. Nc5 Rc3 26. Qd2 Rxa3 27.
Nxb7 Rc4 28. Nc5 Ra1 29. Bb8 Bd6+ 30. Bxd6 Nxd6 31. e4 Nxe4 32. Nxe4 dxe4 33.
d5 exd5 34. Qxg5 Rc8 35. Qxd5 Re8 36. Qc6 Re6 37. Qd5 Re1 38. Qd8+ Kh7 39. Qh4+
Rh6 40. Qf4 Rf6 41. Qh4+ Kg8 42. f3 Re2 43. fxe4 Rd2 44. Qg4 Rg6 45. Qf3 Rb2
46. e5 Rxb4 47. Qa8+ Kh7 48. Qf3 Rb2 49. Qxf7 Rbxg2+ 0-1

[Event "Montcalm 2 2022-23"]
[Site "Quebec CAN"]
[Date "2022.10.27"]
[Round "3"]
[White "Marquis, Paul"]
[Black "Mercure, Gilbert"]
[Result "1/2-1/2"]
[WhiteElo "1984"]
[BlackElo "1926"]
[PlyCount "104"]
[EventDate "2022.10.13"]
[EventType "swiss"]
[EventRounds "5"]
[EventCountry "CAN"]

1. e4 d5 2. exd5 Nf6 3. d4 Bg4 4. Nf3 Qxd5 5. Be2 Nc6 6. c4 Qh5 7. Be3 O-O-O 8.
O-O e5 9. h3 Bxh3 10. Nxe5 Qf5 11. Nxc6 bxc6 12. gxh3 Qxh3 13. Bf4 Bd6 14. Bxd6
Rxd6 15. Qd3 Qh4 16. Qg3 Qh6 17. Qe3 Qg6+ 18. Qg3 Qf5 19. Qf3 Qg5+ 20. Qg3 Qh6
21. Qe3 g5 22. Kg2 Qg7 23. Nc3 Re8 24. Qd3 g4 25. Qf5+ Kb8 26. Rad1 h5 27. c5
Rde6 28. Ba6 h4 29. Rfe1 g3 30. f3 Rxe1 31. Rxe1 Rd8 32. Qc2 h3+ 33. Kg1 Ka8
34. Qb3 Rb8 35. Qa4 h2+ 36. Kg2 Rxb2+ 37. Ne2 Qg5 38. Qxc6+ Kb8 39. f4 Qxf4 40.
Qf3 Qh4 41. Kh1 Qh3 42. Qxg3 Qh5 43. Qxh2 Qd5+ 44. Kg1 Qg5+ 45. Qg3 Qd5 46. Qg7
Qd8 47. Rf1 Ne8 48. Qg8 Qe7 49. Rxf7 Qe3+ 50. Rf2 Rb1+ 51. Kg2 Qe4+ 52. Rf3 Rb2
1/2-1/2

[Event "Montcalm 2 2022-23"]
[Site "Quebec CAN"]
[Date "2022.10.27"]
[Round "3"]
[White "Plante, Rejean"]
[Black "Poliquin, Yvon"]
[Result "1-0"]
[WhiteElo "1965"]
[BlackElo "1915"]
[PlyCount "101"]
[EventDate "2022.10.13"]
[EventType "swiss"]
[EventRounds "5"]
[EventCountry "CAN"]

1. d4 f5 2. c4 Nf6 3. Nf3 e6 4. g3 d6 5. Bg2 Be7 6. b3 O-O 7. O-O Qe8 8. Bb2
Nbd7 9. Nc3 Ne4 10. Qc2 Nxc3 11. Bxc3 Nf6 12. Rad1 Qh5 13. e3 g5 14. Rfe1 g4
15. Nd2 d5 16. cxd5 exd5 17. Ba5 c6 18. Bc7 Bb4 19. Be5 Ne4 20. Nxe4 fxe4 21.
Re2 Qg6 22. Qb2 Bd7 23. a3 Bd6 24. Bxd6 Qxd6 25. b4 Rf3 26. Rc2 Raf8 27. Rdd2
R3f5 28. Qb3 Kh8 29. a4 Rh5 30. Qc3 Bf5 31. Qc5 Qh6 32. Qxa7 Bc8 33. b5 Rhf5
34. bxc6 bxc6 35. Qc7 R5f6 36. Rb2 Ba6 37. Rdc2 Bd3 38. Rd2 Bc4 39. Qe5 Kg8 40.
Rb8 Rxb8 41. Qxb8+ Rf8 42. Qb4 Qh5 43. Bxe4 Qf7 44. Bg2 Qc7 45. Rb2 Qa7 46. Bf1
Bxf1 47. Kxf1 Qf7 48. Kg1 Qf3 49. Qd2 Ra8 50. Qc2 Ra6 51. Rb7 1-0

[Event "Montcalm 2 2022-23"]
[Site "Quebec CAN"]
[Date "2022.10.27"]
[Round "3"]
[White "Sauve, Richard"]
[Black "Lapierre, Gaetan"]
[Result "1-0"]
[WhiteElo "1909"]
[BlackElo "1802"]
[PlyCount "63"]
[EventDate "2022.10.13"]
[EventType "swiss"]
[EventRounds "5"]
[EventCountry "CAN"]

1. d4 Nf6 2. c4 c5 3. d5 e5 4. Nc3 d6 5. e4 a6 6. a4 g6 7. Bd3 Bg7 8. Nge2 Nh5
9. Be3 O-O 10. f3 f5 11. Kd2 f4 12. Bf2 g5 13. h3 Nf6 14. g4 a5 15. h4 h6 16.
Nb5 Na6 17. Qg1 b6 18. Rh3 Ne8 19. Qh2 h5 20. hxg5 hxg4 21. fxg4 Bxg4 22. Rh4
Bxe2 23. Bxe2 f3 24. Bf1 Qxg5+ 25. Be3 Qg6 26. Bh3 Nec7 27. Rg1 Qf6 28. Bf5 f2
29. Qxf2 Nxb5 30. axb5 Nc7 31. Bg5 Qxf5 32. exf5 1-0

[Event "Montcalm 2 2022-23"]
[Site "Quebec CAN"]
[Date "2022.11.03"]
[Round "4"]
[White "Berube, Antoine"]
[Black "Marquis, Paul"]
[Result "1-0"]
[WhiteElo "2158"]
[BlackElo "1984"]
[PlyCount "97"]
[EventDate "2022.10.13"]
[EventType "swiss"]
[EventRounds "5"]
[EventCountry "CAN"]

1. d4 Nf6 2. c4 g6 3. h4 d6 4. Nc3 Bg7 5. e4 O-O 6. Be2 e5 7. d5 a5 8. h5 Na6
9. h6 Bh8 10. Bg5 Qe8 11. Qc2 Bd7 12. O-O-O Ng4 13. Bxg4 Bxg4 14. f3 Bd7 15. g4
f6 16. Be3 a4 17. Nge2 Nb4 18. Qd2 b5 19. c5 Qb8 20. c6 Be8 21. Kb1 Bf7 22. Ng3
a3 23. b3 Na6 24. Rhg1 Rd8 25. Qf2 b4 26. Nce2 Qb5 27. Nc1 Nc5 28. Rd2 Na6 29.
Rgd1 Re8 30. Rc2 Kf8 31. Qd2 Qb8 32. Rc4 Qb5 33. Qf2 Ke7 34. Rd2 Rf8 35. Nd3
Rfd8 36. Qe2 Rdb8 37. Ne1 Rf8 38. Nc2 Rfb8 39. Rd1 Be8 40. Bd2 Bf7 41. Ne3 Qa5
42. Qe1 Rb5 43. Ne2 Rab8 44. Nc1 Rc5 45. Nd3 Rxc4 46. Nxc4 Qb5 47. Be3 Nc5 48.
Nxc5 dxc5 49. Qf2 1-0

[Event "Montcalm 2 2022-23"]
[Site "Quebec CAN"]
[Date "2022.10.31"]
[Round "4"]
[White "Boudreau, Daniel"]
[Black "Sauve, Richard"]
[Result "1-0"]
[WhiteElo "2009"]
[BlackElo "1909"]
[PlyCount "65"]
[EventDate "2022.10.13"]
[EventType "swiss"]
[EventRounds "5"]
[EventCountry "CAN"]

1. e4 e6 2. d4 d5 3. e5 c5 4. c3 Nc6 5. Nf3 Qb6 6. Bd3 cxd4 7. O-O Bd7 8. Re1
Rc8 9. Nbd2 Nge7 10. c4 Nb4 11. c5 Rxc5 12. Nb3 Nxd3 13. Qxd3 Rc8 14. Nbxd4 Nc6
15. Be3 Bc5 16. Rac1 Nxd4 17. Nxd4 a5 18. Rxc5 Qxc5 19. Nf5 Qb4 20. Nd6+ Ke7
21. Bg5+ f6 22. Bd2 Qxb2 23. Nxc8+ Rxc8 24. exf6+ Qxf6 25. Qxh7 Rf8 26. f3 Qd4+
27. Be3 Qc3 28. Bf2 Kf7 29. Rd1 b5 30. Bd4 Qc4 31. Bxg7 Rc8 32. Be5+ Ke8 33.
Bd6 1-0

[Event "Montcalm 2 2022-23"]
[Site "Quebec CAN"]
[Date "2022.11.03"]
[Round "4"]
[White "Drolet, Stephane"]
[Black "Laflamme, Simon"]
[Result "1-0"]
[WhiteElo "2156"]
[BlackElo "2017"]
[PlyCount "111"]
[EventDate "2022.10.13"]
[EventType "swiss"]
[EventRounds "5"]
[EventCountry "CAN"]

1. d4 d5 2. Nf3 Nf6 3. c4 e6 4. Bg5 Be7 5. e3 O-O 6. Nc3 h6 7. Bh4 b6 8. Bxf6
Bxf6 9. cxd5 exd5 10. b4 c5 11. b5 Re8 12. Be2 Bb7 13. O-O Nd7 14. Qd2 Rc8 15.
Rfd1 Qe7 16. Rac1 c4 17. Ne1 Qd6 18. Bf3 Bd8 19. Bg4 Bc7 20. g3 Rcd8 21. Ng2
Nf6 22. Bf3 Qe6 23. Nf4 Bxf4 24. exf4 Bc8 25. Re1 Qd6 26. Re5 Ne4 27. Qe3 Rxe5
28. dxe5 Qa3 29. Nxd5 Qxe3 30. Nxe3 Nd2 31. Bc6 Rd4 32. f3 Kf8 33. Kf2 g6 34.
Ke2 Be6 35. Rc2 Nb1 36. Nd1 Na3 37. Rd2 Rd3 38. Rxd3 cxd3+ 39. Kxd3 Bc4+ 40.
Ke4 Nxb5 41. Bxb5 Bxb5 42. Nc3 Bc6+ 43. Ke3 Ke7 44. Ne2 Bd5 45. a3 Bb7 46. Nd4
a6 47. f5 g5 48. f6+ Kd7 49. g4 Bd5 50. f4 Be6 51. h3 Bd5 52. Nf5 Bg2 53. Nxh6
gxf4+ 54. Kxf4 Bxh3 55. Nxf7 Ke6 56. Ng5+ 1-0

[Event "Montcalm 2 2022-23"]
[Site "Quebec CAN"]
[Date "2022.11.03"]
[Round "4"]
[White "Dumont, Eric"]
[Black "Duguay-Piron, Simon"]
[Result "0-1"]
[WhiteElo "1789"]
[BlackElo "1549"]
[PlyCount "87"]
[EventDate "2022.10.13"]
[EventType "swiss"]
[EventRounds "5"]
[EventCountry "CAN"]

1. d4 d5 2. Bf4 c5 3. e3 Nc6 4. c3 Nf6 5. Bd3 e6 6. Nf3 c4 7. Bc2 Nh5 8. Bg3
Nxg3 9. hxg3 Bd7 10. Nbd2 Be7 11. e4 b5 12. Nh4 b4 13. e5 Qa5 14. Qf3 g5 15.
Ng6 fxg6 16. Bxg6+ Kd8 17. Rxh7 Rxh7 18. Bxh7 Kc7 19. Ke2 bxc3 20. bxc3 Rb8 21.
a4 Rb2 22. Qe3 Qb6 23. Kf1 Na5 24. f4 gxf4 25. gxf4 Nb3 26. Nxb3 Rxb3 27. a5
Qb8 28. Kg1 Qf8 29. a6 Qg7 30. Qh3 Bb4 31. f5 exf5 32. Bxf5 Rxc3 33. Qh5 Bxf5
34. Qxf5 Rb3 35. Rb1 Bc3 36. Rd1 Rb2 37. Qf3 Qg8 38. Qh3 Bb4 39. Rf1 c3 40. e6
c2 41. Rf7+ Qxf7 42. Qg3+ Bd6 43. exf7 c1=Q+ 44. Kh2 0-1

[Event "Montcalm 2 2022-23"]
[Site "Quebec CAN"]
[Date "2022.11.03"]
[Round "4"]
[White "Gaulin, Gaetan"]
[Black "Auger, Bertrand"]
[Result "0-1"]
[WhiteElo "1985"]
[BlackElo "1955"]
[PlyCount "78"]
[EventDate "2022.10.13"]
[EventType "swiss"]
[EventRounds "5"]
[EventCountry "CAN"]

1. Nf3 Nf6 2. c4 b6 3. g3 c5 4. Bg2 Bb7 5. O-O g6 6. Nc3 Bg7 7. d4 cxd4 8. Qxd4
O-O 9. Qh4 d6 10. Bh6 Nbd7 11. Rac1 Rc8 12. Rfd1 Rc5 13. Bxg7 Kxg7 14. b3 Qa8
15. Qd4 Kg8 16. Ne1 Bxg2 17. Nxg2 Re5 18. Ne3 Nc5 19. f3 Qc8 20. Ncd5 Nxd5 21.
cxd5 Qh3 22. Rd2 f5 23. Nc4 f4 24. Nxe5 dxe5 25. Qf2 fxg3 26. Qxg3 Qh6 27. Rdc2
Rf5 28. Kh1 e4 29. Rd1 exf3 30. exf3 Qh5 31. d6 Ne4 32. Qg4 Nxd6 33. Qxh5 Rxh5
34. Rc7 Nf5 35. Rxa7 Kf7 36. Rd3 Rh4 37. a4 h5 38. Kg2 g5 39. Rd5 Ne3+ 0-1

[Event "Montcalm 2 2022-23"]
[Site "Quebec CAN"]
[Date "2022.11.03"]
[Round "4"]
[White "Gingras, Philippe"]
[Black "Mercure, Gilbert"]
[Result "1-0"]
[WhiteElo "1927"]
[BlackElo "1926"]
[PlyCount "59"]
[EventDate "2022.10.13"]
[EventType "swiss"]
[EventRounds "5"]
[EventCountry "CAN"]

1. d4 d5 2. Nc3 Bf5 3. f3 e6 4. Bf4 Bd6 5. Bxd6 cxd6 6. e4 dxe4 7. fxe4 Bg6 8.
Nf3 Ne7 9. Qd2 O-O 10. O-O-O a6 11. h4 d5 12. e5 b5 13. h5 Bf5 14. Bd3 b4 15.
Ne2 Nbc6 16. Rdg1 Rc8 17. g4 Be4 18. Ng5 b3 19. axb3 Na5 20. Kb1 Rb8 21. Bxe4
dxe4 22. Nxe4 Qd5 23. N2c3 Qb7 24. Nc5 Qc6 25. N3e4 Nb7 26. h6 g6 27. Qg5 Nd5
28. Nf6+ Kh8 29. Nxd5 exd5 30. Nd7 1-0

[Event "Montcalm 2 2022-23"]
[Site "Quebec CAN"]
[Date "2022.11.03"]
[Round "4"]
[White "Sarra-Bournet, Marc"]
[Black "Genest, Dominic"]
[Result "1-0"]
[WhiteElo "1767"]
[BlackElo "1754"]
[PlyCount "47"]
[EventDate "2022.10.13"]
[EventType "swiss"]
[EventRounds "5"]
[EventCountry "CAN"]

1. e4 e6 2. d4 d5 3. Nd2 Bd7 4. Ngf3 c5 5. c3 Nc6 6. Bd3 dxe4 7. Nxe4 cxd4 8.
O-O dxc3 9. bxc3 Nf6 10. Bg5 Be7 11. Bxf6 Bxf6 12. Nd6+ Ke7 13. Nxb7 Qc7 14.
Qb3 Be5 15. Nxe5 Qxe5 16. Qa3+ Kf6 17. Nc5 Rhd8 18. Rfe1 Qc7 19. Ne4+ Kg6 20.
Re3 f5 21. Rg3+ Kf7 22. Nd6+ Kg8 23. Bxf5 exf5 24. Qb3+ 1-0

[Event "Montcalm 2 2022-23"]
[Site "Quebec CAN"]
[Date "2022.11.05"]
[Round "5"]
[White "Auger, Bertrand"]
[Black "Boudreau, Daniel"]
[Result "1-0"]
[WhiteElo "1955"]
[BlackElo "2009"]
[PlyCount "105"]
[EventDate "2022.10.13"]
[EventType "swiss"]
[EventRounds "5"]
[EventCountry "CAN"]

1. Nf3 d5 2. g3 Bg4 3. Bg2 Nc6 4. d4 Nf6 5. Ne5 Bf5 6. Nxc6 bxc6 7. c4 Qd7 8.
Qa4 g6 9. cxd5 cxd5 10. Qxd7+ Kxd7 11. Nc3 c6 12. Bf4 Nh5 13. Be3 Rb8 14. h3
Ng7 15. Na4 Ne6 16. g4 Bc2 17. b3 g5 18. h4 gxh4 19. Bh3 Bg6 20. f4 Be4 21. O-O
Bg7 22. g5 Ke8 23. Rfd1 h6 24. Rac1 Nd8 25. Nc5 e6 26. Nxe4 dxe4 27. f5 hxg5
28. fxe6 fxe6 29. Rc5 Bf6 30. Kh1 Rg8 31. Bg4 Ke7 32. Bg1 Rb6 33. e3 Nb7 34.
Rc2 Nd6 35. Rdc1 Nf5 36. Rxc6 Rxc6 37. Rxc6 Rd8 38. Bf2 Rd6 39. Rc7+ Rd7 40.
Rc5 Nh6 41. Be2 Kd6 42. Ra5 Bd8 43. Ra6+ Ke7 44. Bc4 Bb6 45. a4 Ng4 46. Bg1 Rd6
47. a5 Bd8 48. Rxa7+ Kf6 49. a6 h3 50. Rb7 Rb6 51. a7 Rxb7 52. a8=Q Rd7 53.
Qxe4 1-0

[Event "Montcalm 2 2022-23"]
[Site "Quebec CAN"]
[Date "2022.11.10"]
[Round "5"]
[White "Duguay-Piron, Simon"]
[Black "Cournoyer, Dominic"]
[Result "0-1"]
[WhiteElo "1549"]
[BlackElo "1933"]
[PlyCount "71"]
[EventDate "2022.10.13"]
[EventType "swiss"]
[EventRounds "5"]
[EventCountry "CAN"]

1. e4 d5 2. exd5 Qxd5 3. Nc3 Qa5 4. d4 Nf6 5. Nf3 Bg4 6. h3 Bh5 7. g4 Bg6 8.
Ne5 Ne4 9. Qf3 Nd6 10. Nc4 Nxc4 11. Qxb7 Nb6 12. Bb5+ c6 13. Bd2 Qxb5 14. Nxb5
cxb5 15. Bf4 N8d7 16. a4 bxa4 17. c4 e5 18. c5 exf4 19. c6 Bb4+ 20. Kf1 Nf6 21.
Rxa4 Bd6 22. Rxa7 Rb8 23. Qa6 Nfd5 24. Qe2+ Kd8 25. f3 Re8 26. Qf2 Bd3+ 27. Kg2
Re2 28. Qxe2 Bxe2 29. Rha1 Bb5 30. Rxf7 Ne3+ 31. Kf2 Bxc6 32. Rxg7 Nbc4 33. Rb1
Na3 34. Ra1 Rxb2+ 35. Kg1 Rd2 36. Rxa3 0-1

[Event "Montcalm 2 2022-23"]
[Site "Quebec CAN"]
[Date "2022.11.10"]
[Round "5"]
[White "Laflamme, Simon"]
[Black "Gingras, Philippe"]
[Result "0-1"]
[WhiteElo "2017"]
[BlackElo "1927"]
[PlyCount "72"]
[EventDate "2022.10.13"]
[EventType "swiss"]
[EventRounds "5"]
[EventCountry "CAN"]

1. d4 Nf6 2. c4 e6 3. g3 Bb4+ 4. Bd2 c5 5. Bxb4 cxb4 6. Bg2 O-O 7. e4 d6 8. Nf3
Nxe4 9. Nbd2 Nxd2 10. Qxd2 a5 11. O-O Na6 12. Rfe1 Bd7 13. Rac1 Bc6 14. d5 exd5
15. cxd5 Bb5 16. Nd4 Qd7 17. Re4 Nc5 18. Rh4 Bd3 19. Rxc5 dxc5 20. Qxd3 g6 21.
Nf3 Rfe8 22. Ng5 Re1+ 23. Bf1 h5 24. Rxh5 Qg4 25. d6 Qxh5 26. Qd5 Rf8 27. Kg2
Qd1 28. Qc4 Rxf1 29. Qxf1 Qxf1+ 30. Kxf1 Rd8 31. Ne4 b6 32. d7 Kg7 33. Nd6 Rxd7
34. Nc4 b5 35. Nxa5 Rd2 36. Nb3 Rxb2 0-1

[Event "Montcalm 2 2022-23"]
[Site "Quebec CAN"]
[Date "2022.11.10"]
[Round "5"]
[White "Marquis, Paul"]
[Black "Drolet, Stephane"]
[Result "0-1"]
[WhiteElo "1984"]
[BlackElo "2156"]
[PlyCount "53"]
[EventDate "2022.10.13"]
[EventType "swiss"]
[EventRounds "5"]
[EventCountry "CAN"]

1. e4 e5 2. f4 Bc5 3. Nf3 d6 4. c3 Bg4 5. Bc4 Nf6 6. d3 Nc6 7. h3 Bxf3 8. Qxf3
O-O 9. b4 Nxb4 10. Na3 Nc6 11. f5 Na5 12. Bb3 Nxb3 13. axb3 d5 14. b4 Bb6 15.
Bg5 c6 16. Qg3 Qd6 17. exd5 cxd5 18. Be3 Bxe3 19. Qxe3 d4 20. Qd2 dxc3 21. Qxc3
Nd5 22. Qc5 Qxc5 23. bxc5 Nf4 24. O-O Nxd3 25. Nb5 a6 26. Nd6 Nxc5 27. Rfc1 0-1

[Event "Montcalm 2 2022-23"]
[Site "Quebec CAN"]
[Date "2022.11.10"]
[Round "5"]
[White "Mercure, Gilbert"]
[Black "Berube, Antoine"]
[Result "0-1"]
[WhiteElo "1926"]
[BlackElo "2158"]
[PlyCount "60"]
[EventDate "2022.10.13"]
[EventType "swiss"]
[EventRounds "5"]
[EventCountry "CAN"]

1. e4 c5 2. e5 Nc6 3. f4 d5 4. Nf3 Bg4 5. Bb5 e6 6. Bxc6+ bxc6 7. O-O h5 8. c4
Nh6 9. Nc3 Be7 10. cxd5 cxd5 11. Qa4+ Qd7 12. Qxd7+ Kxd7 13. Ne2 Nf5 14. h3
Bxf3 15. Rxf3 h4 16. b3 Rhc8 17. d3 d4 18. g4 hxg3 19. Nxg3 Nxg3 20. Rxg3 g6
21. Ba3 a5 22. Bb2 a4 23. b4 a3 24. Bc1 cxb4 25. Rb1 Rc2 26. Rg2 Rxg2+ 27. Kxg2
Rc8 28. Kf3 Rc2 29. Ke4 Rxa2 30. Kxd4 Rc2 0-1

[Event "Montcalm 2 2022-23"]
[Site "Quebec CAN"]
[Date "2022.11.10"]
[Round "5"]
[White "Oliver, Vance"]
[Black "Gaulin, Gaetan"]
[Result "0-1"]
[WhiteElo "1615"]
[BlackElo "1985"]
[PlyCount "112"]
[EventDate "2022.10.13"]
[EventType "swiss"]
[EventRounds "5"]
[EventCountry "CAN"]

1. e4 c5 2. Nf3 d6 3. d4 cxd4 4. Nxd4 Nf6 5. Nc3 a6 6. Be2 e5 7. Nb3 Be6 8. O-O
Nbd7 9. Be3 b5 10. f3 Qc7 11. a4 b4 12. Nd5 Bxd5 13. exd5 Nb6 14. Bxb6 Qxb6+
15. Kh1 Be7 16. a5 Qb7 17. Bc4 O-O 18. Qd3 Nh5 19. g3 f5 20. Nc5 Qc8 21. Ne6
Rf6 22. Rae1 Kh8 23. b3 g6 24. f4 e4 25. Qd4 Ng7 26. g4 Nxe6 27. dxe6 Kg8 28.
gxf5 gxf5 29. Rg1+ Kh8 30. Rg2 Qc5 31. Qa1 d5 32. Bxa6 Rxa6 33. Reg1 Ra8 34.
Rg7 d4 35. R1g2 Rg6 36. R7xg6 hxg6 37. Rxg6 Qc3 38. Qd1 Qf3+ 39. Qxf3 exf3 40.
Rh6+ Kg7 41. Rh3 Rxa5 42. Rxf3 Kf6 43. Rd3 Bc5 44. Rd1 Ra2 45. Rd2 Kxe6 46.
Re2+ Kd6 47. h4 d3 48. Rd2 Rxc2 49. Rxd3+ Ke6 50. h5 Rc3 51. Rd2 Rh3+ 52. Rh2
Rxh2+ 53. Kxh2 Bf8 54. Kh3 Kd5 55. Kh4 Bh6 56. Kg3 Ke4 0-1

[Event "Montcalm 2 2022-23"]
[Site "Quebec CAN"]
[Date "2022.11.10"]
[Round "5"]
[White "Perreault, Jacquelin"]
[Black "Poliquin, Yvon"]
[Result "0-1"]
[WhiteElo "1733"]
[BlackElo "1915"]
[PlyCount "100"]
[EventDate "2022.10.13"]
[EventType "swiss"]
[EventRounds "5"]
[EventCountry "CAN"]

1. e4 c5 2. Nf3 g6 3. c4 Bg7 4. Nc3 Nc6 5. d3 d6 6. Be3 Nd4 7. h3 e6 8. Be2 a6
9. O-O Ne7 10. Qd2 O-O 11. Bh6 Nec6 12. Bxg7 Kxg7 13. Nxd4 cxd4 14. Nd1 f5 15.
f4 Qb6 16. Bf3 Bd7 17. Nf2 Ne7 18. Rae1 Rf6 19. e5 dxe5 20. Rxe5 Bc6 21. Bxc6
Nxc6 22. Re2 Re8 23. Rfe1 Nd8 24. b3 Rf7 25. b4 Rfe7 26. Qb2 Qd6 27. Qd2 Nf7
28. a3 e5 29. g3 b5 30. c5 Qd5 31. Kh2 Qf3 32. Nh1 Qd5 33. Nf2 h6 34. h4 g5 35.
Nh3 e4 36. fxg5 e3 37. Qa2 Qe5 38. gxh6+ Nxh6 39. Nf4 Ng4+ 40. Kh3 Rh8 41. Rf1
Rd7 42. Ne6+ Kf6 43. Nf4 Re8 44. Nh5+ Kg6 45. Nf4+ Kh6 46. Rc1 Nf2+ 47. Kh2 Qg7
48. c6 Rd6 49. Rc5 Qg4 50. Qf7 Rg8 0-1

[Event "Montcalm 2 2022-23"]
[Site "Quebec CAN"]
[Date "2022.11.10"]
[Round "5"]
[White "Plante, Rejean"]
[Black "Sarra-Bournet, Marc"]
[Result "1-0"]
[WhiteElo "1965"]
[BlackElo "1767"]
[PlyCount "83"]
[EventDate "2022.10.13"]
[EventType "swiss"]
[EventRounds "5"]
[EventCountry "CAN"]

1. d4 d5 2. Bf4 Nf6 3. e3 e6 4. Bd3 Bd6 5. Nd2 Bxf4 6. exf4 Qd6 7. Ne2 O-O 8.
O-O c5 9. dxc5 Qxc5 10. c3 Nc6 11. Nf3 h6 12. b4 Qe7 13. a4 e5 14. fxe5 Nxe5
15. Nxe5 Qxe5 16. Rc1 Bg4 17. Re1 Rfe8 18. Qd2 Ne4 19. Qe3 Qf6 20. Nd4 Nd6 21.
Qg3 Bd7 22. a5 Rac8 23. Rxe8+ Rxe8 24. Qf3 Qg5 25. Rf1 Ne4 26. Bxe4 Rxe4 27.
Qd3 Qe7 28. Nf3 Be6 29. Nd2 Rg4 30. Re1 Qg5 31. g3 Qf6 32. Nf3 Rc4 33. Nd4 a6
34. f4 Bd7 35. Re5 Be6 36. Qe3 Qd8 37. Nxe6 fxe6 38. Rxe6 Rc8 39. Qe5 Qc7 40.
Re8+ Kh7 41. Qf5+ g6 42. Qxc8 1-0

[Event "Montcalm 3 2021-22 Online"]
[Site "Quebec CAN"]
[Date "2022.01.20"]
[Round "1"]
[White "Auger, Bertrand"]
[Black "Crepault, Francois"]
[Result "1-0"]
[WhiteElo "1879"]
[BlackElo "1900"]
[PlyCount "84"]
[EventDate "2022.01.20"]
[EventType "swiss"]
[EventRounds "5"]
[EventCountry "CAN"]

1. Nf3 f5 2. b4 Nf6 3. Bb2 g6 4. g3 Bg7 5. Bg2 d6 6. O-O e5 7. d3 O-O 8. c4 a5
9. b5 a4 10. Na3 Qe8 11. Rc1 Nbd7 12. Rc2 h6 13. Qa1 Nc5 14. Nd2 g5 15. d4 exd4
16. Bxd4 Nh5 17. Bxg7 Nxg7 18. Nf3 Nh5 19. Qd4 Ne4 20. Nd2 Nhf6 21. Nab1 b6 22.
Nxe4 fxe4 23. Nc3 Bb7 24. e3 Qe6 25. Rd1 Qf5 26. Qd2 h5 27. Nd5 Qd7 28. Nxf6+
Rxf6 29. Qd4 Qf5 30. Qd2 h4 31. Qe2 g4 32. Bf1 Rh6 33. c5 bxc5 34. Qc4+ Kh8 35.
Qc3+ Kh7 36. Bc4 hxg3 37. fxg3 Qf6 38. Qd2 Rh5 39. Rf1 Rf5 40. Rcc1 Rf8 41. Qg2
Qe5 42. Rf4 d5 1-0

[Event "Montcalm 3 2021-22 Online"]
[Site "Quebec CAN"]
[Date "2022.01.20"]
[Round "1"]
[White "Bolduc, Steve"]
[Black "Dumont, Eric"]
[Result "1-0"]
[WhiteElo "2195"]
[BlackElo "1791"]
[PlyCount "43"]
[EventDate "2022.01.20"]
[EventType "swiss"]
[EventRounds "5"]
[EventCountry "CAN"]

1. e4 c6 2. d4 d5 3. e5 Bf5 4. Nf3 e6 5. Be2 c5 6. Be3 Nc6 7. O-O Qb6 8. Nc3
Qxb2 9. Nb5 O-O-O 10. Rb1 Qxc2 11. Qxc2 Bxc2 12. Rb2 Bg6 13. dxc5 f6 14. Nfd4
Nxd4 15. Bxd4 Rd7 16. Nxa7+ Kd8 17. c6 bxc6 18. Nxc6+ Ke8 19. Rb8+ Kf7 20. Nd8+
Rxd8 21. Rxd8 Ne7 22. Rc1 1-0

[Event "Montcalm 3 2021-22 Online"]
[Site "Quebec CAN"]
[Date "2022.01.20"]
[Round "1"]
[White "Dube, Daniel"]
[Black "Vincent, Andre"]
[Result "1-0"]
[WhiteElo "1897"]
[BlackElo "1008"]
[PlyCount "55"]
[EventDate "2022.01.20"]
[EventType "swiss"]
[EventRounds "5"]
[EventCountry "CAN"]

1. d4 d5 2. Nf3 Nf6 3. g3 c6 4. Bg2 Bf5 5. O-O e6 6. b3 Bd6 7. c4 Nbd7 8. Bb2
O-O 9. Nbd2 Re8 10. Nh4 h6 11. Nxf5 exf5 12. cxd5 Nxd5 13. Nc4 N7f6 14. a3 Qc7
15. e3 b5 16. Nxd6 Qxd6 17. Rc1 Rac8 18. Qd3 g6 19. Rfe1 Qe6 20. Rc2 h5 21.
Rec1 Rc7 22. Rc5 a6 23. h3 Ne4 24. Bxe4 Qxe4 25. Qxe4 fxe4 26. Rxd5 Re6 27.
Rd8+ Kg7 28. d5+ 1-0

[Event "Montcalm 3 2021-22 Online"]
[Site "Quebec CAN"]
[Date "2022.01.20"]
[Round "1"]
[White "Rochette, Mathieu"]
[Black "Marquis, Paul"]
[Result "1/2-1/2"]
[WhiteElo "1366"]
[BlackElo "2053"]
[PlyCount "79"]
[EventDate "2022.01.20"]
[EventType "swiss"]
[EventRounds "5"]
[EventCountry "CAN"]

1. d4 Nf6 2. c4 g6 3. Nc3 Bg7 4. e4 d6 5. Be2 O-O 6. Nf3 e5 7. d5 a5 8. O-O Na6
9. Rb1 Nc5 10. Nd2 Ne8 11. a3 a4 12. b4 axb3 13. Nxb3 f5 14. Nxc5 dxc5 15. exf5
gxf5 16. Rb3 Nd6 17. f4 e4 18. Bd2 Bd4+ 19. Kh1 b6 20. Qc1 Ba6 21. Nd1 Qf6 22.
Rg3+ Kh8 23. Ne3 Rg8 24. Rg5 h6 25. Rh5 Qg6 26. g4 Bxe3 27. Bxe3 Nf7 28. Rg1
Qd6 29. Rxf5 Qd7 30. Rh5 Bc8 31. Qc3+ Kh7 32. f5 Qd6 33. Qd2 Rxa3 34. Rg3 Ra1+
35. Kg2 Qf6 36. Rgh3 Rb1 37. Bxh6 Rxg4+ 38. Bxg4 Rb2 39. Bg5+ Kg8 40. Bxf6
1/2-1/2

[Event "Montcalm 3 2021-22 Online"]
[Site "Quebec CAN"]
[Date "2022.01.27"]
[Round "2"]
[White "Auger, Bertrand"]
[Black "Dube, Daniel"]
[Result "1-0"]
[WhiteElo "1879"]
[BlackElo "1897"]
[PlyCount "75"]
[EventDate "2022.01.20"]
[EventType "swiss"]
[EventRounds "5"]
[EventCountry "CAN"]

1. Nf3 c5 2. g3 e6 3. Bg2 Nf6 4. O-O Nc6 5. c4 d5 6. cxd5 exd5 7. d4 Be7 8. Nc3
O-O 9. Bg5 cxd4 10. Nxd4 h6 11. Bf4 Be6 12. Ncb5 Nxd4 13. Qxd4 a6 14. Nc7 Rc8
15. Rac1 Qd7 16. Qb6 g5 17. Nxe6 Qxe6 18. Qxe6 fxe6 19. Be5 Rc6 20. Rc3 Nd7 21.
Bd4 Rxc3 22. Bxc3 Bc5 23. e3 g4 24. Rd1 b5 25. a3 Rc8 26. Rd3 Bb6 27. h3 h5 28.
hxg4 hxg4 29. Bf1 Kf7 30. Be2 Rg8 31. Kg2 Ke7 32. Rd1 Ke8 33. a4 bxa4 34. Bxa6
Ke7 35. Bb5 Ra8 36. Rh1 Nf6 37. Rh6 Rf8 38. Bb4+ 1-0

[Event "Montcalm 3 2021-22 Online"]
[Site "Quebec CAN"]
[Date "2022.01.27"]
[Round "2"]
[White "Crepault, Francois"]
[Black "Rochette, Mathieu"]
[Result "1-0"]
[WhiteElo "1900"]
[BlackElo "1366"]
[PlyCount "91"]
[EventDate "2022.01.20"]
[EventType "swiss"]
[EventRounds "5"]
[EventCountry "CAN"]

1. d4 Nf6 2. Nc3 d5 3. Bg5 c6 4. Qd3 Nbd7 5. e4 dxe4 6. Nxe4 e6 7. Nf3 Be7 8.
Nxf6+ Nxf6 9. g3 O-O 10. Bg2 h6 11. Bd2 Qb6 12. Rb1 Rd8 13. Qe2 c5 14. dxc5
Bxc5 15. O-O Bd7 16. Ne5 Bb5 17. c4 Be8 18. b4 Bd4 19. Nf3 Bc6 20. Rfc1 Bxf3
21. Bxf3 Bxf2+ 22. Kg2 Bd4 23. c5 Qc7 24. Bc3 Bxc3 25. Rxc3 Rd4 26. b5 Rad8 27.
Rb2 Nd5 28. Bxd5 R8xd5 29. c6 Rd6 30. Qe3 bxc6 31. Rbc2 R4d5 32. Rxc6 Rxc6 33.
Rxc6 Qb7 34. a4 a6 35. Qb6 Qxb6 36. Rxb6 axb5 37. Rxb5 Rd2+ 38. Kg1 Kf8 39. Rb7
Ke8 40. a5 Ra2 41. Ra7 g6 42. h4 h5 43. a6 e5 44. Ra8+ Kd7 45. a7 Ke6 46. Re8+
1-0